| 000 | 00580nam a22001937a 4500 | ||
|---|---|---|---|
| 999 |
_c64871 _d64871 |
||
| 005 | 20240530110755.0 | ||
| 008 | 190101s1991 le g b 000 0 ara d | ||
| 017 | _bمصر. دار الكتب | ||
| 040 |
_aEG-CaGPL _cEG-CaGPL |
||
| 082 | 0 | 4 |
_221 _a223.6/ _bغ أ |
| 100 | 0 | _aغازى عناية | |
| 245 | 1 | 0 |
_aاسباب النزول القرآنى / _cغازى عناية |
| 250 | _aط.1 | ||
| 260 |
_aبيروت : _bدار الجيل، _c1991. |
||
| 300 |
_a425 ص. ؛ _c24 سم. |
||
| 650 | 0 | 7 |
_2qrmak _aالقرآن _xاسباب نزول |
| 651 | _2qrmak | ||
| 942 |
_2ddc _cBK |
||